Keeper of the Lost Cities Characters by Picture 2 (Kotlc) - Statistics

General Stats
  • This quiz has been taken 108 times
  • The average score is 8 of 8
Answer Stats
Picture Answer % Correct
Biana Vacker
100%
Dex Dizznee
100%
Keefe Sencen
100%
Sophie Foster
100%
Tam Song
100%
Fitz Vacker
99%
Linh Song
97%
Wylie Endal
94%
No matching quizzes found
Score Distribution
Percent of People with Each Score
Percentile by Number Answered
Your Score History
You have not taken this quiz